00807 2200193 4500001002100000005001700021008004100038035002400079082001000103090001900113100002100132245019600153260009700349300003500446500004900481504002700530650003800557990001800595YOGYA-0213000000132120130228110409.0 ind  0010-021300000001321 a640.7 aSK 640.7 End H aENDAH KURNIAWATI aHubungan antara kepemimpinan dengan aktivitas mengikuti kegiatan pemberdayaan dan kesejahteraan keluarga di desa Demangan Rw II kecamatan Gondokusuman Yogyakarta/disusun oleh Endah Kurniawati aYogyakartabFakultas Keguruan dan Ilmu Pendidikan Universitas Sarjanawiyata Tamansiswac2004 axv, 136 lbrbilus, lampc29 cm aSkripsi Universitas Sarjanawiyata Tamansiswa aBibliografi: lbr 56-57 aPendidikan Kesejahteraan Keluarga a44095-PD/A.12